000 00487nam a2200193Ia 4500
008 240510s9999 xx 000 0 und d
020 _a0000471207241
041 _aEng
082 _a519.253
082 _bD25
100 _aDEMING, W. Edwards
245 0 _aSample design in business research
260 _bNew York : John Wiley
260 _c1960
300 _a517 p.
650 _aStatistics : Sampling : Surveys Sample surveys : business m
942 _2ddc
942 _cLBK
999 _c25431
_d25431
945 _a1
_bMadushi Gamage
_c1
_dMadushi Gamage